¿Dominación ideológica o tarea cultural?: reflexiones sobre educación, ideología y cultura /

Zapisane w:
Opis bibliograficzny
1. autor: Cela, Jorge
Format: Książka
Język:Spanish
Wydane: Santo Domingo, República Dominicana Centro Poveda 1988
Wydanie:1era. edición
Hasła przedmiotowe:
Etykiety: Dodaj etykietę
Nie ma etykietki, Dołącz pierwszą etykiete!

MARC

LEADER 00000nam a22000007a 4500
003 cru CIDCACS/IIS
005 20171207150630.0
008 171116b1988 dr |||||||||||||||||spa|d
999 |c 40620  |d 40620 
040 |c cru CIDCACS/IIS 
090 |a 00.00.00 Cxxxd 
100 1 |9 6012  |a Cela, Jorge 
245 1 1 |a ¿Dominación ideológica o tarea cultural?:  |b reflexiones sobre educación, ideología y cultura /  |c Jorge Cela 
250 |a 1era. edición 
260 |a Santo Domingo, República Dominicana  |b Centro Poveda  |c 1988 
300 |a 25 páginas 
500 |a Colección Alforja 
650 1 7 |9 1428  |a IDEOLOGIAS 
650 1 7 |9 944  |a EDUCACION 
650 1 0 |9 4562  |a DOMINACION 
650 1 0 |9 126  |a CULTURA 
942 |2 ddc  |c LI